<?xml version="1.0" encoding="UTF-8"?>
<record
    xmlns:xsi="http://www.w3.org/2001/XMLSchema-instance"
    xsi:schemaLocation="http://www.loc.gov/MARC21/slim http://www.loc.gov/standards/marcxml/schema/MARC21slim.xsd"
    xmlns="http://www.loc.gov/MARC21/slim">

  <leader>01205nam a22001457a 4500</leader>
  <datafield tag="999" ind1=" " ind2=" ">
    <subfield code="c">527777</subfield>
    <subfield code="d">527777</subfield>
  </datafield>
  <controlfield tag="008">240924b           ||||| |||| 00| 0 eng d</controlfield>
  <datafield tag="100" ind1=" " ind2=" ">
    <subfield code="a">Kodikara, Chulani </subfield>
    <subfield code="9">58293</subfield>
  </datafield>
  <datafield tag="245" ind1=" " ind2=" ">
    <subfield code="a">Composing violence: The limits of exposure and the making of minorities</subfield>
  </datafield>
  <datafield tag="260" ind1=" " ind2=" ">
    <subfield code="a">Social &amp;Legal Studies </subfield>
  </datafield>
  <datafield tag="300" ind1=" " ind2=" ">
    <subfield code="a">33(4), Aug, 2024: p.674-677</subfield>
  </datafield>
  <datafield tag="520" ind1=" " ind2=" ">
    <subfield code="a">Moyukh Chatterjee's Composing Violence opens with a scene not unfamiliar to many of us living in South Asia&#x2014;corpses on the street; bodies shrouded in white sheets; shops, garages and houses reduced to charred black holes; and survivors like ghosts amidst the carnage. He is writing about Gujarat in the aftermath of the pogrom of 2002. Taking this scene as his point of departure, Chatterjee asks us to consider the pogrom as a technology of power and what work it does in contemporary democratic politics. He suggests that such spectacular, periodical violence whether in India or elsewhere, is not an aberration or an exception. Rather, it is constitutive of majoritarian democratic politics.- Reproduced 

https://journals.sagepub.com/doi/full/10.1177/09646639231216103
</subfield>
  </datafield>
  <datafield tag="773" ind1=" " ind2=" ">
    <subfield code="a">Social &amp; Legal Studies </subfield>
  </datafield>
  <datafield tag="906" ind1=" " ind2=" ">
    <subfield code="a">Book Review</subfield>
  </datafield>
  <datafield tag="942" ind1=" " ind2=" ">
    <subfield code="c">AR</subfield>
  </datafield>
  <datafield tag="952" ind1=" " ind2=" ">
    <subfield code="0">0</subfield>
    <subfield code="1">0</subfield>
    <subfield code="2">ddc</subfield>
    <subfield code="4">0</subfield>
    <subfield code="7">0</subfield>
    <subfield code="9">402860</subfield>
    <subfield code="a">IIPA</subfield>
    <subfield code="b">IIPA</subfield>
    <subfield code="d">2024-09-24</subfield>
    <subfield code="h">33(4), Aug, 2024: p.674-677</subfield>
    <subfield code="p">AR133210</subfield>
    <subfield code="r">2024-09-24</subfield>
    <subfield code="y">AR</subfield>
  </datafield>
</record>
